000 00414nam a22001937a 4500
003 UA-OsUOA
001 2900
007 ta
008 20050721b un ||||| |||| 00| 0 ukr d
100 _aWoll
700 _aP.
700 _aBinstock
700 _aR. H.
942 _cBK
040 _aUA-OsUOA
_cUA-OsUOA
_dUA-OsUOA
245 _aAmerica's political system.
_bCountry Studies
955 _a2
650 7 _2UDC
999 _c289062
_d289062